| 000 | 00676nam a22002177a 4500 | ||
|---|---|---|---|
| 003 | OSt | ||
| 005 | 20230127141018.0 | ||
| 008 | 221006b |||||||| |||| 00| 0 eng d | ||
| 020 | _a3 908247 52 7 | ||
| 040 | _cBiblioteca Lado V | ||
| 082 |
_a750 _bF529w |
||
| 100 |
_eeditora _935 _aFischer, Peter |
||
| 245 | _aWarhol Polke Richter/ | ||
| 260 |
_bDaros Services AG _aSuiza _c2001 |
||
| 300 |
_c21x28cm _a136p. |
||
| 650 |
_2Tesauro de Arte & Arquitectura _aARTE |
||
| 650 |
_2Tesauro de Arte & Arquitectura _aCATALOGO |
||
| 650 |
_2Tesauro de Arte & Arquitectura _aPINTURA |
||
| 700 |
_aRobinson, Alistair _etextos |
||
| 942 |
_2ddc _c1 _h750 _iF529w _n0 |
||
| 999 |
_c2976 _d2976 |
||